| 000 | 00392nam a2200157Ia 4500 | ||
|---|---|---|---|
| 008 | 230917s9999||||xx |||||||||||||| ||und|| | ||
| 020 | _cRS45 | ||
| 040 |
_e190079 _aMAIN |
||
| 041 | _aEnglish | ||
| 082 | _aB N315M:N | ||
| 100 | _aMarwah, Jaswant Singh | ||
| 245 | 0 | _aNehru di kahani navbharat di kahani | |
| 260 |
_aNew Delhi _bMarwah Publications _c1984 |
||
| 300 | _a80 p. | ||
| 942 | _cBK | ||
| 999 |
_c79376 _d79376 |
||